Možnosti implementácie umelej inteligencie vo vzdelávacom procese

Príspevok skúma prepojenie umelej inteligencie (AI) so vzdelávacím procesom a analyzuje jej prínosy, výzvy a možnosti efektívnej implementácie. Poukazuje na schopnosť AI podporovať adaptívne učenie, individualizovať obsah výučby a poskytovať okamžitú spätnú väzbu študentom, čím zvyšuje motiváciu a a...

Descrizione completa

Salvato in:
Dettagli Bibliografici
Autore principale: Ivaničková, Mariana, 1977-
Altri autori: Dolná, Mária, 1989-
Natura: Capitolo di libro
Lingua:slovacco
Soggetti:
Tags: Aggiungi Tag
Nessun Tag, puoi essere il primo ad aggiungerne!!

MARC

LEADER 00000naa a2200000 4500
001 0313856
005 20260109132548.6
041 0 |a slo 
044 |a SK 
245 1 0 |a Možnosti implementácie umelej inteligencie vo vzdelávacom procese  |c Mariana Ivaničková, Mária Dolná 
520 |a Príspevok skúma prepojenie umelej inteligencie (AI) so vzdelávacím procesom a analyzuje jej prínosy, výzvy a možnosti efektívnej implementácie. Poukazuje na schopnosť AI podporovať adaptívne učenie, individualizovať obsah výučby a poskytovať okamžitú spätnú väzbu študentom, čím zvyšuje motiváciu a angažovanosť. Zároveň identifikuje technické, organizačné a etické prekážky, ktoré bránia plnohodnotnému využitiu AI vo vzdelávaní. Príspevok zdôrazňuje význam strategického plánovania, vzdelávania učiteľov, zapojenia študentov a rodičov a monitorovania dopadu technológií na vzdelávací proces. 
610 2 0 |a implementácia 
610 2 0 |a efektívnosť 
610 2 0 |a inteligencia umelá 
610 2 0 |a vzdelávanie 
100 1 |a Ivaničková, Mariana, 1977- 
700 1 |a Dolná, Mária, 1989-